|
|
|
|
| LEADER |
00000cam a22000004a 4500 |
| 001 |
musev2_33501 |
| 003 |
MdBmJHUP |
| 005 |
20230905043529.0 |
| 006 |
m o d |
| 007 |
cr||||||||nn|n |
| 008 |
140801s1980 nju o 00 0 eng d |
| 020 |
|
|
|a 9781400853601
|
| 020 |
|
|
|z 9780691643366
|
| 020 |
|
|
|z 9780691616025
|
| 020 |
|
|
|z 9780691064109
|
| 035 |
|
|
|a (OCoLC)885025828
|
| 040 |
|
|
|a MdBmJHUP
|c MdBmJHUP
|
| 100 |
1 |
|
|a Cohn, Ruby.
|
| 245 |
1 |
0 |
|a Just Play :
|b Beckett's Theater /
|c by Ruby Cohn.
|
| 264 |
|
1 |
|a Princeton, N.J. :
|b Princeton University Press,
|c 1980.
|
| 264 |
|
3 |
|a Baltimore, Md. :
|b Project MUSE,
|c 2015
|
| 264 |
|
4 |
|c ©1980.
|
| 300 |
|
|
|a 1 online resource (328 pages):
|b illustrations
|
| 336 |
|
|
|a text
|b txt
|2 rdacontent
|
| 337 |
|
|
|a computer
|b c
|2 rdamedia
|
| 338 |
|
|
|a online resource
|b cr
|2 rdacarrier
|
| 490 |
0 |
|
|a Princeton Legacy Library
|
| 505 |
0 |
|
|a Cover; Through Views; Singulars; Performance.
|
| 520 |
|
|
|a The author ranges through Beckett's drama to analyze his approach to place, time, soliloquy, fiction, and repetition. Originally published in 1980. The Princeton Legacy Library uses the latest print-on-demand technology to again make available previously out-of-print books from the distinguished backlist of Princeton University Press. These paperback editions preserve the original texts of these important books while presenting them in durable paperback editions. The goal of the Princeton Legacy Library is to vastly increase access to the rich scholarly heritage found in.
|
| 546 |
|
|
|a In English.
|
| 588 |
|
|
|a Description based on print version record.
|
| 600 |
1 |
7 |
|a Beckett, Samuel,
|d 1906-1989.
|2 fast
|0 (OCoLC)fst00035621
|
| 600 |
1 |
1 |
|a Beckett, Samuel,
|d 1906-1989
|x Dramatic works.
|
| 600 |
1 |
1 |
|a Beckett, Samuel,
|d 1906-1989
|x Stage history.
|
| 600 |
1 |
0 |
|a Beckett, Samuel,
|d 1906-1989
|x Stage history.
|
| 600 |
1 |
0 |
|a Beckett, Samuel,
|d 1906-1989
|x Dramatic works.
|
| 650 |
|
7 |
|a Criticism and interpretation.
|2 fast
|0 (OCoLC)fst01198648
|
| 650 |
|
7 |
|a POETRY
|x General.
|2 bisacsh
|
| 650 |
|
7 |
|a LITERARY CRITICISM
|x European
|x French.
|2 bisacsh
|
| 655 |
|
7 |
|a Criticism, interpretation, etc.
|2 fast
|0 (OCoLC)fst01411635
|
| 655 |
|
7 |
|a Electronic books.
|2 local
|
| 710 |
2 |
|
|a Project Muse.
|e distributor
|
| 830 |
|
0 |
|a Book collections on Project MUSE.
|
| 856 |
4 |
0 |
|z Texto completo
|u https://projectmuse.uam.elogim.com/book/33501/
|
| 945 |
|
|
|a Project MUSE - Custom Collection
|
| 945 |
|
|
|a Project MUSE - Archive Complete Supplement III
|
| 945 |
|
|
|a Project MUSE - Archive Film, Theater and Performing Arts Supplement III
|